That's When lyrics - Statistics

General Stats
  • This quiz has been taken 119 times
  • The average score is 244 of 274
Answer Stats
Lyrics % Correct
And
100%
and
100%
"I
100%
I
100%
that's
100%
That's
100%
When
100%
"When
100%
when,
100%
when
100%
You
100%
you
100%
in
98%
in,
98%
the
98%
your
98%
I'll
93%
up
93%
I'm
90%
it
90%
let
90%
mornin'
90%
said,
90%
wake
90%
be
88%
can
88%
face,
88%
it's
88%
know"
88%
love
88%
see
88%
cryin'
86%
front
86%
Laughin'
86%
laughin'
86%
me
86%
me?"
86%
of
86%
Then
86%
to
86%
at
83%
baby
83%
come
83%
need
83%
stormin'
83%
sunny
83%
think
83%
some
81%
space
81%
this"
81%
time,
81%
waitin'
81%
was
81%
about
79%
all
79%
back
79%
back?"
79%
gate
79%
or
79%
were
79%
did
76%
ever
76%
want
76%
woke
76%
go
74%
my
69%
hear,
67%
saw
67%
through
67%
miss
64%
wrong,
64%
made
62%
put
62%
gone,
60%
knew
60%
mistakes,
60%
take
60%
hard
57%
harder
55%
"Honestly,
55%
watched
50%
words
50%
came
48%
"Leave
48%
our
48%
Yeah
48%
tears
45%
phone
43%
past"
40%
those
36%
No matching quizzes found
Score Distribution
Percent of People with Each Score
Percentile by Number Answered
Your Score History
You have not taken this quiz